| 000 | 00763nam a2200241Ia 4500 | ||
|---|---|---|---|
| 003 | GCL | ||
| 008 | 140319s9999 xx 000 0 ara d | ||
| 040 |
_aGCL / _cGCL |
||
| 082 | 0 | 4 |
_a624.16 _bا خ |
| 100 | 1 | _aابراهيم على الدرويش | |
| 245 | 1 | 0 |
_aالخلطات الخرسانية / _cابراهيم على الدرويش |
| 260 |
_a[S.N] : _bمنشاة المعارف ، _c1991 |
||
| 300 | _a348 ص | ||
| 490 |
_aمجموعة الكتب الهندسية _v0 |
||
| 650 | 0 | 4 | _aهندسة الانشاءات |
| 650 | 0 | 4 | _aالاساسات |
| 650 | 0 | 4 | _aالتصميم الانشائى |
| 650 | 0 | 4 | _aالخرسانة |
| 650 | 0 | 4 | _aالمبانى |
| 650 | 0 | 4 | _aخلاطات الخرسانة |
| 650 | 0 | 4 | _aمواصفات |
| 942 |
_2ddc _cBK |
||
| 999 |
_c33453 _d33453 |
||